Statistiken für Zeitgenössische Länder des nationalsozialistischen Deutschlands

Klicken Sie hier um das Quiz zu spielen!

Allgemein

  • Dieses Quiz wurde 56 mal gespielt
  • Das Durchschnittsergebnis liegt bei 20 aus 20

Antworten auf der Karte

Die Antworten werden auf der Karte rot bzw. grün angezeigt, abhängig davon wie oft sie richtig erraten wurden.
 

Antwortstatistiken

Land% Korrekt
Belgien
100%
Dänemark
100%
Frankreich
100%
Luxemburg
100%
Niederlande
100%
Norwegen
100%
Österreich
100%
Belarus
98%
Deutschland
98%
Estland
98%
Lettland
98%
Litauen
98%
Polen
98%
Russland
98%
Tschechien
98%
Ukraine
98%
Griechenland
96%
Slowenien
96%
Serbien
92%
Slowakei
92%

Verteilung der Resultate

Perzentil nach korrekt beantworteten Fragen

Anzahl Personen mit jedem Resultat

Ihre Resultats-Entwicklung

Sie haben dieses Quiz noch nicht gespielt